00227nam a2200097Ia 4500008004100000100001100041245003100052260002200083942000700105999001700112190216s9999||||xx |||||||||||||| ||und|| aUlloor 0aKerala Sahithya Charithram bKerala University cBK c24346d24346